Catholic Insight

Detalles Bibliográficos
Formato: Desconocido
Lenguaje:inglés
Publicado: Canada : Catholic Insight
Materias:
Acceso en línea:Acceso restringido

MARC

LEADER 00000ny a22000003n 4500
005 20110511124524.0
008 071017c cn mr pss 0 a0eng d
022 |a 1192-5671 
035 |a 2962 
040 |a BUS  |d vLex 
090 |c 1660  |d 1660 
245 3 0 |a Catholic Insight  |h [Recurso electrn̤ico] 
256 |a Servicio en ln̕ea 
260 |a Canada :  |b Catholic Insight  
310 |a Mensual 
506 1 |a Contenido solo disponible en los productos indicados  |d vLex Global  |d vLex Global (Academic Edition, excluding Law Schools)  |d vLex Global (Academic Edition, Law Schools) 
650 0 4 |a Catl̤icos  |x Publicaciones perid̤icas 
740 0 |a vLex Revista (Servicios en ln̕ea) 
843 |a Electrn̤ica. Abierta 
853 |8 1  |i (year)  |j (month)  |k (day) 
856 4 0 |z Acceso restringido  |u http://vlex.com/account/login_ip?fuente_id=2962  
942 |c REV